000 00340nam a22001217a 4500
082 _a388.49
_bROB
_cD
100 _aRobertson, D.I
_938580
245 _aTRRL Laboratory Report 934
526 _a0
_b0
_c0
_d388_490000000000000_MAU
526 _a0
_b0
_c0
_d388_490000000000000_OLD
526 _a0
_b0
_c0
_d388_490000000000000_ROB
942 _2ddc
_cBK
999 _c543208
_d543208